000 00418nam a2200157Ia 4500
008 221030s9999 xx 000 0 und d
020 _a9788194833062
041 _aEnglish
100 _aS. K. Kapoor
245 0 _aInternational Law & Human Rights 22nd Ed.
_cby S. K. Kapoor
250 _a22nd
260 _bCentral Law Publications
_aPrayagraj
_c2022
300 _a982
650 _aInternational Law
942 _cBK
999 _c18895
_d18895